Eurovision 2022 - Statistics

General Stats
  • This quiz has been taken 129 times
    75 since last reset
  • The average score is 37 of 40
Answer Stats
song artist country % Correct
space man Sam Ryder United Kingdom
100%
Sentimentai Monika Liu Lithuania
97%
Stefania Kalush orchestra Ukraine
97%
Snap Rosa Linn Armenia
95%
Die Together Amanda Georgiadi Tenfjord Greece
95%
Give that wolf a banana Subwoolfer Norway
95%
Sekret Ronela Hajati Albania
94%
halo lumix ft Pia maria Austria
94%
Brividi mahmood and Blanco Italy
94%
eat your salad Citi Zeni Latvia
94%
Saudade Saudade Maro Portugal
94%
In corpore sano Konstrakta Serbia
94%
Hold me closer Cornelia Jakobs Sweden
94%
Not the same Sheldon Riley Australia
92%
Fade to Black Nadir Rustamli Azerbaijan
92%
Guilty Pleasure Mia Dimsic Croatia
92%
jezebel the rasmus Finland
92%
Fulenn Alvan and ahez France
92%
Rockstars Malik Harris Germany
92%
that's rich Brooke Ireland
92%
De Diepte s10 netherlands
92%
SloMo Chanel Spain
92%
Ela Andromache Cyprus
90%
Hope Stefan Estonia
90%
I.M Michael ben-david Israel
90%
out of sight Emma Muscat Malta
90%
River Ochman Poland
90%
Llamame WRS Romania
90%
Boys do cry Marius Bear Switzerland
90%
Miss You Jeremie Makiese Belgium
89%
Intention Intelligent music project Bulgaria
89%
Lock me in Circus Mircus Georgia
89%
Sigga Beta and Elin meo Haekkandi sol Iceland
89%
trenuletul zdob si zdub ft fratii advahov Moldova
89%
Disko LPS Slovenia
89%
Lights off We are Domi Czech republic
87%
The Show reddi Denmark
87%
Stripper achille Lauro san marino
87%
Circles Andrea North Macedonia
84%
Breathe Vladana Montenegro
81%
No matching quizzes found
Score Distribution
Percent of People with Each Score
Percentile by Number Answered
Your Score History
You have not taken this quiz since the last reset